000 00315nam a22001457a 4500
003 SGT
082 _a615.83
_bKAL
100 _aKALRA, SHEETAL
245 _aA STUDY OF PHYSICAL FITNESS
260 _aGURUGRAM
_bSGT UNIVERSITY
_c2022
300 _a142
650 _aPHYSIOTHERAPY
653 _aPHD
942 _2ddc
_cTH
999 _c26652
_d26652